| 000 | 00656nam a2200229Ia 4500 | ||
|---|---|---|---|
| 003 | OSt | ||
| 005 | 20230426150317.0 | ||
| 008 | 210423s2011 xx 000 0 und d | ||
| 020 | _a9788131604670 | ||
| 040 | _cAL | ||
| 041 | _aeng | ||
| 082 |
_a361.3 _223 _bTEAB |
||
| 100 |
_aTEATER (Barbra) _993562 |
||
| 245 | _aIntroduction to applying social work theories and methods | ||
| 260 |
_aNew Delhi _bRawat Publications _c2011 |
||
| 300 |
_axii,218 _bHB |
||
| 365 | _cINR | ||
| 650 |
_aSocial Problems & Services _993563 |
||
| 650 |
_aSocial Work _993564 |
||
| 906 | _aapplying ; Introduction ; methods ; social ; theories ; work | ||
| 942 |
_2ddc _cBK |
||
| 999 |
_c161134 _d161134 |
||